|
|
|
|
| LEADER |
00000nam a2200000 a 4500 |
| 001 |
vtls001320593 |
| 003 |
SK-MaSNL |
| 005 |
20260416165421.0 |
| 008 |
251113s1990 xr 0 cze |
| 020 |
|
|
|a 8004256015
|
| 035 |
|
|
|a SNK000273222
|
| 040 |
|
|
|a SNK
|b slo
|c SNK
|e AACR2
|
| 041 |
0 |
|
|a cze
|
| 044 |
|
|
|a CZ
|
| 080 |
|
|
|a 371.214.112:377.35
|2 1981
|
| 245 |
1 |
|
|a Učební dokumenty pro střední odborná učiliště
|b studijní obor 64-27-4 Skladové hospodářství
|
| 260 |
|
|
|a Praha
|b Státní pedagogické nakladatelství
|c 1990
|
| 300 |
|
|
|a 51 s.
|c 4°
|
| 490 |
1 |
|
|a Soubor B
|
| 500 |
|
|
|a Vyd. Min. školství, mládeže a tělovýchovy ČSR
|
| 650 |
0 |
7 |
|a skladové hospodárstvo
|2 SNKPH
|9 69646
|
| 650 |
0 |
7 |
|a stredné odborné učilištia
|2 SNKPH
|9 30904
|
| 655 |
|
7 |
|a učebné osnovy
|2 SNKPH
|9 60479
|
| 830 |
|
0 |
|a Soubor B
|9 290147
|
| 919 |
|
|
|a 80-04-25601-5
|
| 958 |
|
|
|a RK
|
| 958 |
|
|
|a OND
|
| 999 |
|
|
|c 1060521
|d 1062451
|
| 952 |
|
|
|t P60, <04>, [BOOK], {604}
|a SNK
|b SNK
|y VYP
|7 0
|o snkIB 63980
|i snkKIP 4341/90
|0 0
|1 0
|4 0
|d 1998-02-12
|l 0
|r 2005-01-02 00:00:00
|w 2026-02-24
|
| 952 |
|
|
|t P60, <04>, [BOOK], {604}
|a SNK
|b SNK
|y VYP
|7 0
|p 17A0368316
|o snkIB 63980 D1
|i snkKIP 4342/90
|0 0
|1 1
|4 0
|d 1998-02-12
|l 0
|r 2005-01-02 00:00:00
|w 2026-02-24
|